书目信息 |
| 题名: |
赴国外留学工作生活通用英语词汇
|
|
| 作者: | 沈钦顺 , 沈兵 编 | |
| 分册: | ||
| 出版信息: | 北京 中国水利水电出版社 2000.09 |
|
| 页数: | 505页 | |
| 开本: | 19cm | |
| 丛书名: | ||
| 单 册: | ||
| 中图分类: | H313 | |
| 科图分类: | ||
| 主题词: | 英语--ying yu--词汇 | |
| 电子资源: | ||
| ISBN: | 7-5084-0341-X | |
| 000 | 00857nam0 2200241 450 | |
| 001 | 012007432196 | |
| 005 | 20070927095143.28 | |
| 010 | @a7-5084-0341-X@dCNY25.00 | |
| 100 | @a20070629d2000 km y0chiy0120 ea | |
| 101 | 0 | @achi@aeng |
| 102 | @aCN@b110000 | |
| 105 | @ay z 001yy | |
| 200 | 1 | @a赴国外留学工作生活通用英语词汇@Afu guo wai liu xue gong zuo sheng huo tong yong ying yu ci hui@f沈钦顺, 沈兵编@Fshen qin shun,shen bing bian |
| 210 | @a北京@c中国水利水电出版社@d2000.09 | |
| 215 | @a505页@d19cm | |
| 320 | @a有索引。 | |
| 330 | @a本书包含三个方面,包括打基础,应试以及实用阶段三个方面的词汇,词汇是按照英语字母的次序排列的,方便不同阶段的不同读者的要求设计的。 | |
| 606 | 0 | @a英语@Aying yu@x词汇 |
| 690 | @aH313@v4 | |
| 701 | 0 | @a沈钦顺@Ashen qin shun@4编 |
| 701 | 0 | @a沈兵@Ashen bing@4编 |
| 801 | 0 | @aCN@c20070927 |
| 905 | @dH313@eS406 | |
| 赴国外留学工作生活通用英语词汇/沈钦顺, 沈兵编.-北京:中国水利水电出版社,2000.09 |
| 505页;19cm |
| ISBN 7-5084-0341-X:CNY25.00 |
| 本书包含三个方面,包括打基础,应试以及实用阶段三个方面的词汇,词汇是按照英语字母的次序排列的,方便不同阶段的不同读者的要求设计的。 |
| ● |
| 相关链接 |
|
|
|
正题名:赴国外留学工作生活通用英语词汇
索取号:H313/S406
 
预约/预借
| 序号 | 登录号 | 条形码 | 馆藏地/架位号 | 状态 | 备注 |
| 1 | 244576 | 202445764 | 语言库209/209语言库 103排6列3层/ [索取号:H313/S406] | 在馆 | |
| 2 | 244577 | 202445773 | 语言库209/209语言库 103排6列3层/ [索取号:H313/S406] | 在馆 | |
| 3 | 244578 | 202445782 | 语言库209/209语言库 103排6列3层/ [索取号:H313/S406] | 在馆 |